Communes des Hauts-de-Seine (92) de plus de 10000 habitants - Statistiques

Statistiques générales
  • Ce quiz a été pris 77 fois
  • Le résultat moyen est 22 sur 34
Statistiques - réponses
Habitants Communes % Correct
98119 (préfecture) Nanterre
98%
120205 Boulogne-Billancourt
89%
59200 Neuilly-sur-Seine
88%
90692 Colombes
84%
68412 Levallois-Perret
82%
29376 Bois-Colombes
81%
91457 Asnières-sur-Seine
79%
50874 Gennevilliers
79%
44198 Puteaux
75%
56882 Clamart
74%
65102 Clichy
74%
67695 Issy-les-Moulineaux
74%
64026 Antony
72%
80842 Rueil-Malmaison
72%
81945 Courbevoie
70%
29828 La Garenne-Colombes
68%
46273 Montrouge
68%
22782 Sèvres
68%
46722 Meudon
67%
30183 Malakoff
65%
29859 Saint-Cloud
65%
48932 Suresnes
65%
36224 Châtillon
61%
20740 Sceaux
58%
25566 Villeneuve-la-Garenne
58%
43647 Bagneux
56%
35490 Châtenay-Malabry
51%
28507 Vanves
49%
17705 Garches
46%
28893 Le Plessis-Robinson
44%
20198 Chaville
42%
21140 Bourg-la-Reine
40%
24586 Fontenay-aux-Roses
40%
10871 Ville-d'Avray
37%
Aucun quiz correspondant
Distribution des résultats
% des personnes avec chaque résultat
Percentile par nombre de réponses
Votre historique - résultats
Vous n’avez pas pris ce quiz